| 000 | 00446nam a2200157Ia 4500 | ||
|---|---|---|---|
| 008 | 230718s9999 xx 000 0 und d | ||
| 041 | _aeng | ||
| 082 |
_a004.6'5 _bPET |
||
| 100 |
_aPeterson L.L. _9108584 |
||
| 245 |
_aComputer Network _b A Systems Approach |
||
| 260 |
_c1996 _bMorgan K |
||
| 300 |
_a551 _dRef 589 C (8656) |
||
| 365 |
_cRs. _b3209.80 |
||
| 700 |
_aPeterson L.L. & Davie S. _9186276 |
||
| 906 |
_dB:552507-Sep-1998 _cCOMP _b481.47 |
||
| 999 |
_c297450 _d297450 |
||